| 000 | 01012cam a22002895a 4500 | ||
|---|---|---|---|
| 001 | 016621251 | ||
| 003 | OSt | ||
| 005 | 20160218141813.0 | ||
| 008 | 140129s2014 enk frb 001 0 eng d | ||
| 020 | _a9781118799444 (pbk.) | ||
| 040 |
_aStDuBDS _beng _cStDuBDS _dEG-ScBUE |
||
| 082 | 0 | 4 |
_a302.2 _222 _bHAN |
| 245 | 0 | 4 |
_aThe handbook of political economy of communications / _cedited by Janet Wasko, Graham Murdock, Helena Sousa. |
| 260 |
_aChichester : _bWiley Blackwell, _c2014. |
||
| 300 |
_axv, 611 p. ; _c25 cm. |
||
| 490 | 0 | _aGlobal handbooks in media and communication research. | |
| 500 | _aOriginally published : 2011. | ||
| 504 | _aIncludes bibliographical references and indexes. | ||
| 650 | 7 |
_aCommunication _xPolitical aspects. _2BUEsh _939383 |
|
| 650 | 7 |
_aCommunication _xEconomic aspects. _2BUEsh _939384 |
|
| 651 | _2BUEsh | ||
| 653 |
_bBUSADM _cJanuary2016 |
||
| 700 | 1 |
_aWasko, Janet, _eeditor. |
|
| 700 | 1 |
_aMurdock, Graham, _eeditor. |
|
| 700 | 1 |
_aSousa, Helena, _eeditor. |
|
| 942 | _2ddc | ||
| 999 |
_c21189 _d21161 |
||